00506nam a22001817a 450000500170000001000130001702000180003003500130004803700110006108200130007210000250008524500900011025000110020026000390021130000340025050000190028470000210030320170512134710.0 aB-280429 a9788131703143 aB-280429 bDpl/CL a621.3819 aBoylestad, Robert L. aElectronic devices and circuit theory /cby Robert L. Boylestad [and] Louis Nashelsky a9th ed aNew DelhibPearson Educationc2007 axvi,910p.c27cm(pbk)e1CD-ROM aIncludes index aNashelsky,Louis